Who's That with Mr. T? Quiz Stats

 Plays Quiz Updated May 21, 2019

Score 0/12 Timer 04:00
1 Play Today
% Correct
Sylvester Stallone
96.7%
Michael Jackson
96.6%
Muhammad Ali
95.2%
Hulk Hogan
90.2%
Conan O'Brien
83.6%
Martha Stewart
73%
Leslie Nielsen
70.9%
Nancy Reagan
70.8%
Gene Hackman
67.1%
George Peppard, Dirk Benedict, and Dwight Schultz
64.7%
Gary Busey
61.4%
Gary Coleman
60.5%

You're not logged in!

Compare scores with friends on all Sporcle quizzes.
OR
Log In

Sporcle TV

Today on Sporcle TV


Watch our educational content, quiz creation guides, and fun videos on Sporcle TV.

Show Comments

Extras

Top Quizzes Today


Score Distribution

Your Account Isn't Verified!

In order to create a playlist on Sporcle, you need to verify the email address you used during registration. Go to your Sporcle Settings to finish the process.

Report this User

Report this user for behavior that violates our Community Guidelines.

Details: